| 000 | 00580nam a22001931a 4500 | ||
|---|---|---|---|
| 001 | 3688 | ||
| 003 | OSt | ||
| 005 | 20260204211900.0 | ||
| 008 | 051228s1974||||dr ||||||b||||||||||spa|| | ||
| 050 | _aRD 301 C278s | ||
| 082 | _aRD 301 C278s | ||
| 100 | _aDel Castillo Morales, Luis R. | ||
| 245 | _aSociología: Estudio de la sociedad y de las relaciones humanas / Luís R. del Castillo Morales | ||
| 264 | _aSanto Domingo : UASD | ||
| 300 | _a404 p | ||
| 490 | _aColección Historia y Sociedad Serie No. 12 | ||
| 650 | _a1.Sociología 2.Relaciones HumanasÌ | ||
| 942 |
_2ddc _cBK |
||
| 999 |
_c3688 _d3688 |
||